[Event "Danish Senior CHP for 50+ and 65+"]
[Site "Nyhavnsgade 14, 2. sal. 9000 Aalborg"]
[Date "2022.02.23"]
[Round "4.1"]
[White "Lilja, Richard"]
[Black "Danielsen, Henrik"]
[Result "0-1"]
[BlackElo "2525"]
[WhiteElo "2112"]
[LiveChessVersion "1.4.8"]

1. e4 {[%clk 1:30:56]} d6 {[%clk 1:30:51]} 2. Nc3 {[%clk 1:31:13]} g6
{[%clk 1:29:37]} 3. f4 {[%clk 1:30:43]} Bg7 {[%clk 1:29:51]} 4. Nf3
{[%clk 1:30:54]} Bg4 {[%clk 1:29:00]} 5. h3 {[%clk 1:24:02]} Bxf3
{[%clk 1:29:05]} 6. Qxf3 {[%clk 1:24:24]} e6 {[%clk 1:28:36]} 7. d3
{[%clk 1:19:53]} Nc6 {[%clk 1:28:42]} 8. Qf2 {[%clk 1:13:45]} Nd4
{[%clk 1:28:26]} 9. Be3 {[%clk 1:10:06]} c5 {[%clk 1:28:48]} 10. Nd1
{[%clk 1:10:04]} Ne7 {[%clk 1:28:42]} 11. c3 {[%clk 1:02:19]} Ndc6
{[%clk 1:29:08]} 12. g3 {[%clk 0:57:08]} O-O {[%clk 1:27:54]} 13. Bg2
{[%clk 0:57:08]} b6 {[%clk 1:28:07]} 14. g4 {[%clk 0:53:37]} Rc8 {[%clk 1:25:13]}
15. O-O {[%clk 0:44:11]} f5 {[%clk 1:25:30]} 16. Qe2 {[%clk 0:39:37]} Qd7
{[%clk 1:23:08]} 17. Nf2 {[%clk 0:37:13]} d5 {[%clk 1:21:59]} 18. Rad1
{[%clk 0:36:44]} d4 {[%clk 1:16:53]} 19. Bd2 {[%clk 0:36:37]} dxc3
{[%clk 1:15:48]} 20. bxc3 {[%clk 0:36:57]} e5 {[%clk 1:16:00]} 21. gxf5
{[%clk 0:35:13]} gxf5 {[%clk 1:16:15]} 22. fxe5 {[%clk 0:32:33]} Nxe5
{[%clk 1:13:40]} 23. d4 {[%clk 0:28:11]} cxd4 {[%clk 1:12:23]} 24. cxd4
{[%clk 0:28:33]} N5c6 {[%clk 1:07:37]} 25. d5 {[%clk 0:26:48]} Nd4
{[%clk 1:07:18]} 26. Qh5 {[%clk 0:25:53]} Rc2 {[%clk 1:03:26]} 27. Rfe1
{[%clk 0:17:25]} f4 {[%clk 1:02:13]} 28. Bf3 {[%clk 0:12:07]} Nxf3+
{[%clk 1:00:41]} 29. Qxf3 {[%clk 0:12:31]} Ng6 {[%clk 1:01:01]} 30. Qb3
{[%clk 0:10:12]} Rb2 {[%clk 1:01:09]} 31. Qa3 {[%clk 0:09:13]} Rc8
{[%clk 1:00:40]} 32. e5 {[%clk 0:08:42]} Nxe5 {[%clk 1:00:02]} 33. Bxf4
{[%clk 0:06:20]} Rcc2 {[%clk 0:59:51]} 34. Rxe5 {[%clk 0:03:23]} Rxf2
{[%clk 0:58:26]} 35. Re7 {[%clk 0:01:43]} Rg2+ {[%clk 0:55:18]} 36. Kh1
{[%clk 0:02:11]} Qb5 {[%clk 0:54:59]} 37. Qe3 {[%clk 0:00:48]} Rbe2
{[%clk 0:54:21]} 38. Rxg7+ {[%clk 0:01:13]} Rxg7 {[%clk 0:54:26]} 0-1

[Event "Danish Senior CHP for 50+ and 65+"]
[Site "Nyhavnsgade 14, 2. sal. 9000 Aalborg"]
[Date "2022.02.23"]
[Round "4.2"]
[White "Pilgaard, Erik"]
[Black "Pors, Kim"]
[Result "1/2-1/2"]
[BlackElo "1459"]
[WhiteElo "1383"]
[LiveChessVersion "1.4.8"]

1. e4 {[%clk 1:30:57]} e5 {[%clk 1:30:14]} 2. Nf3 {[%clk 1:31:16]} Nc6
{[%clk 1:29:32]} 3. Nc3 {[%clk 1:30:46]} Nf6 {[%clk 1:27:36]} 4. d4
{[%clk 1:29:11]} exd4 {[%clk 1:25:40]} 5. Nxd4 {[%clk 1:28:42]} Nxd4
{[%clk 1:23:06]} 6. Qxd4 {[%clk 1:27:31]} d6 {[%clk 1:21:40]} 7. Bg5
{[%clk 1:24:23]} h6 {[%clk 1:17:46]} 8. Bh4 {[%clk 1:23:00]} g5 {[%clk 1:11:54]}
9. Bg3 {[%clk 1:22:32]} Rg8 {[%clk 1:07:39]} 10. Bc4 {[%clk 1:15:05]} Be6
{[%clk 1:04:54]} 11. O-O-O {[%clk 1:13:43]} Nh5 {[%clk 1:00:16]} 12. Bd5
{[%clk 1:07:07]} Nxg3 {[%clk 0:56:55]} 13. hxg3 {[%clk 1:06:58]} c6
{[%clk 0:52:59]} 14. Bxe6 {[%clk 1:02:37]} fxe6 {[%clk 0:52:59]} 15. e5
{[%clk 1:00:58]} d5 {[%clk 0:51:30]} 16. Qg4 {[%clk 0:59:17]} Kd7
{[%clk 0:46:55]} 17. Nxd5 {[%clk 0:58:08]} cxd5 {[%clk 0:38:51]} 18. Rxd5+
{[%clk 0:58:13]} Ke7 {[%clk 0:38:44]} 19. Qb4+ {[%clk 0:53:58]} Kf7
{[%clk 0:38:12]} 20. Qxb7+ {[%clk 0:52:13]} Kg6 {[%clk 0:35:35]} 21. Rxd8
{[%clk 0:49:52]} Rxd8 {[%clk 0:35:48]} 22. Qc7 {[%clk 0:48:06]} Bg7
{[%clk 0:34:41]} 23. f4 {[%clk 0:46:31]} g4 {[%clk 0:30:37]} 24. Qe7
{[%clk 0:43:32]} Rge8 {[%clk 0:27:30]} 25. Qh4 {[%clk 0:41:23]} Rd5
{[%clk 0:21:44]} 26. Qxg4+ {[%clk 0:41:22]} Kf7 {[%clk 0:21:54]} 27. Qh5+
{[%clk 0:39:09]} Ke7 {[%clk 0:21:13]} 28. Qg6 {[%clk 0:36:14]} Kf8
{[%clk 0:19:27]} 29. Rxh6 {[%clk 0:33:30]} Bxh6 {[%clk 0:19:32]} 30. Qf6+
{[%clk 0:32:31]} Kg8 {[%clk 0:19:14]} 31. Qg6+ {[%clk 0:32:40]} Kf8
{[%clk 0:19:24]} 32. Qf6+ {[%clk 0:32:38]} Kg8 {[%clk 0:19:38]} 33. Qg6+
{[%clk 0:32:57]} Kf8 {[%clk 0:19:53]} 34. Qf6+ {[%clk 0:33:24]} Kg8
{[%clk 0:19:12]} 35. Qg6+ {[%clk 0:33:51]} 1/2-1/2

[Event "Danish Senior CHP for 50+ and 65+"]
[Site "Nyhavnsgade 14, 2. sal. 9000 Aalborg"]
[Date "2022.02.23"]
[Round "4.3"]
[White "Stojanovski, Sandi"]
[Black "Munksgaard, Bo"]
[Result "1-0"]
[BlackElo "1593"]
[WhiteElo "2195"]
[LiveChessVersion "1.4.8"]

1. c4 {[%clk 1:27:49]} f5 {[%clk 1:29:55]} 2. g3 {[%clk 1:27:31]} Nf6
{[%clk 1:30:13]} 3. Nc3 {[%clk 1:27:50]} g6 {[%clk 1:30:12]} 4. d3
{[%clk 1:27:25]} Bg7 {[%clk 1:30:25]} 5. Bg2 {[%clk 1:27:38]} e5 {[%clk 1:29:46]}
6. e4 {[%clk 1:27:56]} fxe4 {[%clk 1:28:25]} 7. dxe4 {[%clk 1:28:14]} d6
{[%clk 1:27:02]} 8. Nge2 {[%clk 1:28:32]} O-O {[%clk 1:25:30]} 9. O-O
{[%clk 1:28:54]} c6 {[%clk 1:25:21]} 10. h3 {[%clk 1:28:14]} a5 {[%clk 1:24:13]}
11. Be3 {[%clk 1:27:43]} Na6 {[%clk 1:24:04]} 12. Qd2 {[%clk 1:27:09]} Qe7
{[%clk 1:22:47]} 13. Rad1 {[%clk 1:24:16]} Rd8 {[%clk 1:20:25]} 14. Bb6
{[%clk 1:23:53]} Nc7 {[%clk 1:19:52]} 15. f4 {[%clk 1:21:11]} Be6
{[%clk 1:19:54]} 16. b3 {[%clk 1:21:15]} a4 {[%clk 1:14:32]} 17. f5
{[%clk 1:20:07]} gxf5 {[%clk 1:13:58]} 18. exf5 {[%clk 1:20:25]} Bf7
{[%clk 1:13:44]} 19. g4 {[%clk 1:00:01]} axb3 {[%clk 1:12:59]} 20. g5
{[%clk 0:57:08]} Rxa2 {[%clk 0:58:38]} 21. Nxa2 {[%clk 0:57:19]} bxa2
{[%clk 0:58:54]} 22. gxf6 {[%clk 0:57:38]} Bxf6 {[%clk 0:58:51]} 23. Qxa2
{[%clk 0:57:59]} d5 {[%clk 0:57:27]} 24. Qa5 {[%clk 0:58:20]} Ra8
{[%clk 0:57:18]} 25. Qc5 {[%clk 0:58:33]} Qxc5+ {[%clk 0:49:29]} 26. Bxc5
{[%clk 0:58:59]} d4 {[%clk 0:49:17]} 27. Ng3 {[%clk 0:59:15]} Bxc4
{[%clk 0:49:15]} 28. Ne4 {[%clk 0:59:33]} Nd5 {[%clk 0:43:36]} 29. Ra1
{[%clk 0:59:24]} Ba6 {[%clk 0:41:26]} 30. Nxf6+ {[%clk 0:58:39]} Nxf6
{[%clk 0:41:54]} 31. Rfe1 {[%clk 0:58:54]} Re8 {[%clk 0:41:52]} 32. Bxc6
{[%clk 0:56:36]} Rc8 {[%clk 0:38:04]} 33. Rxe5 {[%clk 0:56:59]} Rxc6
{[%clk 0:38:04]} 34. Bxd4 {[%clk 0:57:21]} Kf7 {[%clk 0:35:16]} 35. Rae1
{[%clk 0:57:34]} Rc7 {[%clk 0:35:25]} 36. Re6 {[%clk 0:57:46]} Nd5
{[%clk 0:35:08]} 37. Rh6 {[%clk 0:58:02]} 1-0

[Event "Danish Senior CHP for 50+ and 65+"]
[Site "Nyhavnsgade 14, 2. sal. 9000 Aalborg"]
[Date "2022.02.23"]
[Round "4.4"]
[White "Thomsen, Per"]
[Black "Harlung, David"]
[Result "1-0"]
[BlackElo "1253"]
[WhiteElo "1509"]
[LiveChessVersion "1.4.8"]

1. f4 {[%clk 1:30:56]} e6 {[%clk 1:15:12]} 2. Nf3 {[%clk 1:30:56]} d5
{[%clk 1:14:43]} 3. c4 {[%clk 1:30:39]} Nc6 {[%clk 1:12:36]} 4. cxd5
{[%clk 1:30:00]} exd5 {[%clk 1:12:54]} 5. d4 {[%clk 1:29:25]} Bb4+
{[%clk 1:11:38]} 6. Nc3 {[%clk 1:29:21]} Nf6 {[%clk 1:11:04]} 7. a3
{[%clk 1:28:41]} Ba5 {[%clk 1:10:50]} 8. b4 {[%clk 1:27:28]} Bb6 {[%clk 1:11:05]}
9. e3 {[%clk 1:26:52]} a5 {[%clk 1:09:51]} 10. b5 {[%clk 1:24:55]} Ne7
{[%clk 1:02:41]} 11. Bd3 {[%clk 1:23:13]} h6 {[%clk 1:02:47]} 12. O-O
{[%clk 1:22:42]} O-O {[%clk 1:03:01]} 13. Ne5 {[%clk 1:20:33]} Bf5
{[%clk 1:02:35]} 14. a4 {[%clk 1:19:06]} Bxd3 {[%clk 1:00:16]} 15. Qxd3
{[%clk 1:18:41]} Rc8 {[%clk 0:56:09]} 16. Ba3 {[%clk 1:16:32]} Re8
{[%clk 0:56:17]} 17. Rf3 {[%clk 1:11:25]} c6 {[%clk 0:55:38]} 18. g4
{[%clk 1:10:55]} Nxg4 {[%clk 0:48:47]} 19. Nxg4 {[%clk 1:09:41]} f5
{[%clk 0:48:37]} 20. Bxe7 {[%clk 1:08:13]} Qxe7 {[%clk 0:46:51]} 21. Qxf5
{[%clk 1:07:33]} Rf8 {[%clk 0:45:03]} 22. Qg6 {[%clk 1:06:18]} Qh4
{[%clk 0:44:17]} 23. Kg2 {[%clk 1:02:36]} 1-0

[Event "Danish Senior CHP for 50+ and 65+"]
[Site "Nyhavnsgade 14, 2. sal. 9000 Aalborg"]
[Date "2022.02.23"]
[Round "4.5"]
[White "Thomsen, Søren"]
[Black "Grue, Vibeke"]
[Result "1-0"]
[BlackElo "1213"]
[WhiteElo "1833"]
[LiveChessVersion "1.4.8"]

1. d4 {[%clk 1:30:49]} Nf6 {[%clk 1:28:57]} 2. c4 {[%clk 1:30:29]} d6
{[%clk 1:28:39]} 3. Nc3 {[%clk 1:30:26]} c6 {[%clk 1:28:33]} 4. e4
{[%clk 1:29:06]} Qa5 {[%clk 1:28:15]} 5. Bd3 {[%clk 1:28:11]} e5 {[%clk 1:27:14]}
6. d5 {[%clk 1:24:39]} Bg4 {[%clk 1:27:07]} 7. f3 {[%clk 1:24:19]} Bh5
{[%clk 1:24:55]} 8. Be3 {[%clk 1:23:15]} Nbd7 {[%clk 1:23:02]} 9. a3
{[%clk 1:21:54]} Be7 {[%clk 1:22:03]} 10. b4 {[%clk 1:21:21]} Qc7
{[%clk 1:22:01]} 11. Rc1 {[%clk 1:20:58]} a6 {[%clk 1:21:33]} 12. Nge2
{[%clk 1:19:32]} h6 {[%clk 1:21:39]} 13. Qb3 {[%clk 1:16:28]} O-O
{[%clk 1:21:44]} 14. O-O {[%clk 1:16:32]} c5 {[%clk 1:14:14]} 15. Rb1
{[%clk 1:10:45]} Bg6 {[%clk 1:12:03]} 16. Kh1 {[%clk 1:01:30]} b5
{[%clk 1:11:53]} 17. cxb5 {[%clk 1:01:21]} Nb6 {[%clk 1:11:44]} 18. bxc5
{[%clk 1:00:25]} dxc5 {[%clk 1:11:09]} 19. bxa6 {[%clk 0:59:06]} Rad8
{[%clk 1:10:16]} 20. Qxb6 {[%clk 0:59:13]} Qd7 {[%clk 1:09:48]} 21. Bb5
{[%clk 0:58:33]} Rb8 {[%clk 1:05:46]} 22. Bxd7 {[%clk 0:58:12]} Rxb6
{[%clk 1:05:55]} 23. Rxb6 {[%clk 0:58:31]} Nxd7 {[%clk 1:05:58]} 24. Rb7
{[%clk 0:58:53]} Rd8 {[%clk 1:05:02]} 25. a7 {[%clk 0:59:10]} Kh7
{[%clk 1:04:47]} 26. Rxd7 {[%clk 0:59:25]} 1-0